| 000 | 00550nam a2200181 a 4500 | ||
|---|---|---|---|
| 003 | PILC | ||
| 005 | 20150112093434.0 | ||
| 008 | 100721s19uu xx 00 eng d | ||
| 020 | _a0946796211 | ||
| 050 |
_aHF 5718 _b.Sh544 1989 |
||
| 082 |
_aMCSF 658.45 _bSh3 1989 |
||
| 100 |
_aSheldon, Robert H. _914908 |
||
| 245 |
_aBusiness communications / _cRobert H. Sheldon |
||
| 260 |
_aWorcestershire, England : _bPeter Andrew Publishing Company, _c1989. |
||
| 300 |
_a262 pages : _c20 cm. |
||
| 650 |
_aBusiness communication _914664 |
||
| 942 |
_2lcc _cBK |
||
| 999 |
_c14501 _d14501 |
||